[Event "European Youth Chess Championship G14"]
[Site "Prague, Top Hotel Prague"]
[Date "2012.08.19"]
[Round "3.1"]
[White "Rodionova, Daria"]
[Black "Malassagne, Isabelle"]
[Result "1-0"]
[WhiteElo "2074"]
[BlackElo "1897"]
[PlyCount "0"]
[EventDate "2012.08.17"]

1. e4 {[%clk 1:30:59]} e6 {[%clk 1:30:55]} 2. c4 {[%clk 1:24:06]} d5
{[%clk 1:28:08]} 3. e5 {[%clk 1:21:38]} dxc4 {[%clk 1:26:24]} 4. Nc3
{[%clk 1:19:08]} Nc6 {[%clk 1:24:42]} 5. Nf3 {[%clk 1:18:14]} Bb4
{[%clk 1:21:55]} 6. Bxc4 {[%clk 1:17:40]} Nge7 {[%clk 1:22:01]} 7. O-O
{[%clk 1:17:18]} O-O {[%clk 1:22:21]} 8. d4 {[%clk 1:16:28]} Nf5 {[%clk 1:10:12]}
9. Be3 {[%clk 1:16:17]} Nce7 {[%clk 0:55:57]} 10. Qb3 {[%clk 1:05:21]} Bxc3
{[%clk 0:39:44]} 11. bxc3 {[%clk 1:05:43]} Nd5 {[%clk 0:32:12]} 12. Rfe1
{[%clk 1:00:04]} Nb6 {[%clk 0:27:12]} 13. Bd3 {[%clk 0:58:45]} Ne7
{[%clk 0:27:18]} 14. Be4 {[%clk 0:57:16]} Rb8 {[%clk 0:24:56]} 15. c4
{[%clk 0:53:01]} Qd7 {[%clk 0:21:07]} 16. a4 {[%clk 0:51:01]} a5 {[%clk 0:16:27]}
17. Red1 {[%clk 0:51:02]} Qe8 {[%clk 0:12:25]} 18. d5 {[%clk 0:46:17]} Nd7
{[%clk 0:06:45]} 19. dxe6 {[%clk 0:40:42]} fxe6 {[%clk 0:06:36]} 20. Ng5
{[%clk 0:40:55]} Ng6 {[%clk 0:05:23]} 21. Nxe6 {[%clk 0:40:56]} Ndxe5
{[%clk 0:03:36]} 22. Nxf8 {[%clk 0:37:16]} Qxf8 {[%clk 0:03:25]} 23. c5+
{[%clk 0:31:36]} Kh8 {[%clk 0:03:32]} 24. Qc3 {[%clk 0:26:29]} Ra8
{[%clk 0:01:41]} 25. Bd4 {[%clk 0:25:48]} Nc6 {[%clk 0:01:24]} 26. Bxc6
{[%clk 0:26:06]} bxc6 {[%clk 0:01:53]} 27. Bxg7+ {[%clk 0:26:29]} 1-0

[Event "European Youth Chess Championship G14"]
[Site "Prague, Top Hotel Prague"]
[Date "2012.08.19"]
[Round "3.2"]
[White "Janska, Jitka"]
[Black "Dordzhieva, Dinara"]
[Result "0-1"]
[WhiteElo "1892"]
[BlackElo "2055"]
[PlyCount "0"]
[EventDate "2012.08.17"]

1. e4 {[%clk 1:30:59]} c5 {[%clk 1:30:56]} 2. Nf3 {[%clk 1:31:25]} d6
{[%clk 1:29:03]} 3. d4 {[%clk 1:31:50]} cxd4 {[%clk 1:29:26]} 4. Nxd4
{[%clk 1:32:14]} Nf6 {[%clk 1:29:43]} 5. Nc3 {[%clk 1:32:38]} a6 {[%clk 1:29:44]}
6. Be2 {[%clk 1:32:03]} e5 {[%clk 1:29:50]} 7. Nf3 {[%clk 1:31:44]} h6
{[%clk 1:29:35]} 8. h3 {[%clk 1:30:22]} Be6 {[%clk 1:29:34]} 9. O-O
{[%clk 1:30:08]} Be7 {[%clk 1:28:50]} 10. Re1 {[%clk 1:29:24]} O-O
{[%clk 1:25:02]} 11. Bf1 {[%clk 1:27:29]} Nbd7 {[%clk 1:14:40]} 12. Nd5
{[%clk 1:18:58]} Nxd5 {[%clk 1:07:48]} 13. exd5 {[%clk 1:17:46]} Bf5
{[%clk 1:08:11]} 14. c4 {[%clk 1:12:35]} Bh7 {[%clk 1:07:00]} 15. b3
{[%clk 1:02:59]} f5 {[%clk 1:06:28]} 16. Ba3 {[%clk 1:00:54]} Qb6
{[%clk 0:54:36]} 17. Qd2 {[%clk 0:37:21]} Bf6 {[%clk 0:50:19]} 18. Rad1
{[%clk 0:35:13]} Nc5 {[%clk 0:44:50]} 19. Bxc5 {[%clk 0:31:25]} Qxc5
{[%clk 0:45:04]} 20. b4 {[%clk 0:30:38]} Qc7 {[%clk 0:41:21]} 21. c5
{[%clk 0:26:31]} Rae8 {[%clk 0:34:56]} 22. a4 {[%clk 0:19:07]} g5
{[%clk 0:22:58]} 23. c6 {[%clk 0:17:07]} bxc6 {[%clk 0:19:39]} 24. dxc6
{[%clk 0:17:09]} Qxc6 {[%clk 0:18:40]} 25. Qxd6 {[%clk 0:16:42]} Qxd6
{[%clk 0:12:41]} 26. Rxd6 {[%clk 0:17:06]} e4 {[%clk 0:13:06]} 27. Nh2
{[%clk 0:14:47]} Bc3 {[%clk 0:09:31]} 28. Rc1 {[%clk 0:13:16]} Bxb4
{[%clk 0:09:32]} 29. Rxh6 {[%clk 0:12:29]} a5 {[%clk 0:07:48]} 30. Rcc6
{[%clk 0:08:01]} Re7 {[%clk 0:06:14]} 31. Bc4+ {[%clk 0:06:37]} Kg7
{[%clk 0:06:20]} 32. Nf1 {[%clk 0:05:57]} f4 {[%clk 0:06:07]} 33. h4
{[%clk 0:03:49]} g4 {[%clk 0:04:41]} 34. g3 {[%clk 0:03:26]} e3 {[%clk 0:04:23]}
35. fxe3 {[%clk 0:02:58]} fxe3 {[%clk 0:04:25]} 36. Rhe6 {[%clk 0:02:08]} Rxe6
{[%clk 0:04:10]} 37. Rxe6 {[%clk 0:02:03]} Bg8 {[%clk 0:03:47]} 38. Re4
{[%clk 0:01:42]} Bxc4 {[%clk 0:03:46]} 39. Rxg4+ {[%clk 0:01:38]} Kh7
{[%clk 0:03:49]} 40. Nxe3 {[%clk 0:31:28]} Bb3 {[%clk 0:31:04]} 41. Rg5
{[%clk 0:28:05]} Bxa4 {[%clk 0:29:52]} 42. Nc4 {[%clk 0:27:40]} Rg8
{[%clk 0:11:54]} 43. Rh5+ {[%clk 0:23:54]} Kg6 {[%clk 0:12:14]} 44. g4
{[%clk 0:23:31]} Kf6 {[%clk 0:04:13]} 45. Nxa5 {[%clk 0:21:29]} Rxg4+
{[%clk 0:04:38]} 46. Kf2 {[%clk 0:21:37]} Be8 {[%clk 0:03:59]} 47. Rh8
{[%clk 0:17:22]} Re4 {[%clk 0:01:04]} 48. Nb3 {[%clk 0:14:56]} Kg7
{[%clk 0:01:08]} 0-1

[Event "European Youth Chess Championship G14"]
[Site "Prague, Top Hotel Prague"]
[Date "2012.08.19"]
[Round "3.3"]
[White "Kisteneva, Liza"]
[Black "Vidic, Teja"]
[Result "1-0"]
[WhiteElo "2040"]
[BlackElo "1888"]
[PlyCount "0"]
[EventDate "2012.08.17"]

1. d4 {[%clk 1:30:57]} d5 {[%clk 1:29:42]} 2. c4 {[%clk 1:31:17]} c6
{[%clk 1:29:43]} 3. Nf3 {[%clk 1:30:43]} e6 {[%clk 1:29:50]} 4. e3
{[%clk 1:29:06]} Nf6 {[%clk 1:30:03]} 5. Nc3 {[%clk 1:29:10]} Nbd7
{[%clk 1:30:21]} 6. Qc2 {[%clk 1:29:15]} Bd6 {[%clk 1:30:32]} 7. b3
{[%clk 1:28:09]} O-O {[%clk 1:23:52]} 8. Bd3 {[%clk 1:28:14]} dxc4
{[%clk 1:14:48]} 9. bxc4 {[%clk 1:28:09]} c5 {[%clk 1:13:21]} 10. O-O
{[%clk 1:26:12]} a6 {[%clk 1:11:23]} 11. Rd1 {[%clk 1:21:53]} Qc7
{[%clk 1:10:01]} 12. d5 {[%clk 1:10:01]} Ne5 {[%clk 1:06:53]} 13. Nxe5
{[%clk 1:07:31]} Bxe5 {[%clk 1:07:16]} 14. f4 {[%clk 1:06:39]} Bxc3
{[%clk 0:59:00]} 15. Qxc3 {[%clk 1:07:03]} exd5 {[%clk 0:41:02]} 16. cxd5
{[%clk 1:05:53]} Nxd5 {[%clk 0:38:58]} 17. Bxh7+ {[%clk 1:05:54]} Kxh7
{[%clk 0:39:21]} 18. Rxd5 {[%clk 1:06:17]} b6 {[%clk 0:38:55]} 19. Bb2
{[%clk 0:59:30]} f6 {[%clk 0:34:26]} 20. Rh5+ {[%clk 0:57:56]} Kg8
{[%clk 0:33:24]} 21. Qd3 {[%clk 0:57:31]} f5 {[%clk 0:29:57]} 22. e4
{[%clk 0:49:56]} Be6 {[%clk 0:20:04]} 23. exf5 {[%clk 0:48:27]} Qxf4
{[%clk 0:19:54]} 24. fxe6 {[%clk 0:47:45]} Qf2+ {[%clk 0:20:01]} 25. Kh1
{[%clk 0:48:11]} 1-0

[Event "European Youth Chess Championship G14"]
[Site "Prague, Top Hotel Prague"]
[Date "2012.08.19"]
[Round "3.4"]
[White "Mammadova, Narmin"]
[Black "Egorova, Ayyyna"]
[Result "1-0"]
[WhiteElo "1980"]
[BlackElo "1833"]
[PlyCount "0"]
[EventDate "2012.08.17"]

1. e4 {[%clk 1:30:57]} c5 {[%clk 1:30:54]} 2. c3 {[%clk 1:31:10]} Nf6
{[%clk 1:31:09]} 3. e5 {[%clk 1:31:28]} Nd5 {[%clk 1:31:32]} 4. Nf3
{[%clk 1:31:42]} b6 {[%clk 1:31:45]} 5. d4 {[%clk 1:31:32]} cxd4 {[%clk 1:31:59]}
6. cxd4 {[%clk 1:30:06]} Bb7 {[%clk 1:32:07]} 7. Nc3 {[%clk 1:29:09]} Nxc3
{[%clk 1:32:12]} 8. bxc3 {[%clk 1:29:31]} Qc7 {[%clk 1:32:24]} 9. Bd2
{[%clk 1:28:43]} e6 {[%clk 1:32:30]} 10. Bd3 {[%clk 1:27:27]} d6 {[%clk 1:32:25]}
11. O-O {[%clk 1:25:26]} Nd7 {[%clk 1:32:28]} 12. Qe2 {[%clk 1:14:26]} Be7
{[%clk 1:31:11]} 13. Rfe1 {[%clk 1:13:32]} O-O {[%clk 1:28:48]} 14. exd6
{[%clk 1:08:24]} Bxd6 {[%clk 1:28:22]} 15. Ne5 {[%clk 1:07:46]} Nxe5
{[%clk 1:21:37]} 16. dxe5 {[%clk 1:07:58]} Bc5 {[%clk 1:21:12]} 17. Qg4
{[%clk 1:00:51]} Rfd8 {[%clk 1:20:27]} 18. Qh3 {[%clk 0:57:00]} Rxd3
{[%clk 1:19:25]} 19. Qxd3 {[%clk 0:55:22]} Rd8 {[%clk 1:19:45]} 20. Qe2
{[%clk 0:23:12]} Qc6 {[%clk 1:19:39]} 21. Qf1 {[%clk 0:22:12]} Rxd2
{[%clk 1:19:46]} 22. Rad1 {[%clk 0:20:09]} Rxd1 {[%clk 1:19:16]} 23. Rxd1
{[%clk 0:20:32]} g6 {[%clk 1:19:34]} 24. Kh1 {[%clk 0:20:04]} Qe4
{[%clk 1:19:01]} 25. f3 {[%clk 0:14:32]} Qxe5 {[%clk 1:19:07]} 26. Qd3
{[%clk 0:14:54]} Bd5 {[%clk 1:16:51]} 27. c4 {[%clk 0:13:30]} Bd6
{[%clk 1:16:41]} 28. g3 {[%clk 0:11:43]} Bb7 {[%clk 1:16:21]} 29. Kg2
{[%clk 0:11:05]} Bc5 {[%clk 1:16:00]} 30. Rb1 {[%clk 0:09:26]} Kg7
{[%clk 1:15:29]} 31. a4 {[%clk 0:09:24]} Qe3 {[%clk 1:14:48]} 32. Qxe3
{[%clk 0:08:54]} Bxe3 {[%clk 1:15:16]} 33. Rb3 {[%clk 0:09:05]} Bd4
{[%clk 1:15:29]} 34. a5 {[%clk 0:08:23]} Ba6 {[%clk 1:14:54]} 35. axb6
{[%clk 0:07:30]} Bxb6 {[%clk 1:15:14]} 36. Rc3 {[%clk 0:07:30]} Bd4
{[%clk 1:15:09]} 37. Ra3 {[%clk 0:07:30]} Bb7 {[%clk 1:15:08]} 38. Kf1
{[%clk 0:06:36]} Bc5 {[%clk 1:15:14]} 39. Ra5 {[%clk 0:06:02]} Bb6
{[%clk 1:14:59]} 40. Ra3 {[%clk 0:35:03]} a5 {[%clk 1:44:15]} 41. Rb3
{[%clk 0:34:22]} Ba6 {[%clk 1:41:07]} 42. Rxb6 {[%clk 0:34:43]} Bxc4+
{[%clk 1:41:36]} 43. Kf2 {[%clk 0:33:52]} a4 {[%clk 1:41:51]} 44. Rb4
{[%clk 0:33:17]} Bb3 {[%clk 1:42:15]} 45. Ke3 {[%clk 0:33:23]} h5
{[%clk 1:41:24]} 46. Rb5 {[%clk 0:32:02]} Kf6 {[%clk 1:40:32]} 47. Kf4
{[%clk 0:31:56]} Bd5 {[%clk 1:38:03]} 48. Ra5 {[%clk 0:30:18]} g5+
{[%clk 1:35:33]} 49. Ke3 {[%clk 0:30:39]} Bb3 {[%clk 1:35:26]} 50. f4
{[%clk 0:28:07]} g4 {[%clk 1:31:24]} 51. Kd4 {[%clk 0:26:29]} Ke7
{[%clk 1:30:05]} 52. Kc3 {[%clk 0:24:15]} f5 {[%clk 1:30:04]} 53. Kd4
{[%clk 0:24:05]} Kf6 {[%clk 1:24:00]} 54. Ra6 {[%clk 0:24:18]} Ke7
{[%clk 1:15:18]} 55. Kc5 {[%clk 0:23:49]} Bc2 {[%clk 1:01:26]} 56. Ra7+
{[%clk 0:23:27]} Kf6 {[%clk 1:01:30]} 57. Kd6 {[%clk 0:23:08]} Bb3
{[%clk 1:01:23]} 58. Ra8 {[%clk 0:22:54]} Kg7 {[%clk 0:57:25]} 59. Ke7
{[%clk 0:20:54]} e5 {[%clk 0:47:53]} 60. fxe5 {[%clk 0:11:09]} h4
{[%clk 0:41:04]} 61. Rf8 {[%clk 0:07:03]} Kg6 {[%clk 0:36:37]} 62. Kd6
{[%clk 0:05:29]} a3 {[%clk 0:35:54]} 63. e6 {[%clk 0:04:53]} a2 {[%clk 0:34:53]}
64. Ra8 {[%clk 0:02:08]} f4 {[%clk 0:34:05]} 65. e7 {[%clk 0:02:08]} Bf7
{[%clk 0:34:09]} 66. gxf4 {[%clk 0:01:02]} Kf5 {[%clk 0:29:01]} 67. Rxa2
{[%clk 0:01:00]} g3 {[%clk 0:28:50]} 68. hxg3 {[%clk 0:01:13]} hxg3
{[%clk 0:29:15]} 69. Ra1 {[%clk 0:01:16]} Be8 {[%clk 0:21:35]} 70. Rf1
{[%clk 0:01:18]} Bb5 {[%clk 0:16:38]} 71. Kc7 {[%clk 0:00:56]} Kg4
{[%clk 0:10:34]} 72. f5 {[%clk 0:00:45]} Bxf1 {[%clk 0:07:01]} 73. e8=Q
{[%clk 0:00:55]} g2 {[%clk 0:05:24]} 74. Qg6+ {[%clk 0:01:16]} Kf3
{[%clk 0:05:18]} 75. f6 {[%clk 0:01:37]} Bc4 {[%clk 0:05:29]} 76. f7
{[%clk 0:00:59]} 1-0

[Event "European Youth Chess Championship G14"]
[Site "Prague, Top Hotel Prague"]
[Date "2012.08.19"]
[Round "3.5"]
[White "Dadello, Aleksandra"]
[Black "Harazinska, Ewa"]
[Result "0-1"]
[WhiteElo "1888"]
[BlackElo "1975"]
[PlyCount "0"]
[EventDate "2012.08.17"]

1. e4 {[%clk 1:30:57]} c5 {[%clk 1:30:45]} 2. Nf3 {[%clk 1:31:17]} d6
{[%clk 1:31:01]} 3. d4 {[%clk 1:31:40]} cxd4 {[%clk 1:31:17]} 4. Nxd4
{[%clk 1:32:04]} Nf6 {[%clk 1:31:40]} 5. Nc3 {[%clk 1:32:27]} a6 {[%clk 1:31:22]}
6. f4 {[%clk 1:32:12]} Qc7 {[%clk 1:25:29]} 7. Be3 {[%clk 1:25:59]} b5
{[%clk 1:19:46]} 8. a3 {[%clk 1:21:14]} e6 {[%clk 1:19:54]} 9. Qf3
{[%clk 1:20:07]} Bb7 {[%clk 1:20:11]} 10. g4 {[%clk 1:19:44]} Nc6
{[%clk 1:17:09]} 11. g5 {[%clk 1:15:53]} Nd7 {[%clk 1:17:22]} 12. Nxc6
{[%clk 1:08:26]} Bxc6 {[%clk 1:14:53]} 13. Rg1 {[%clk 1:04:13]} Qb7
{[%clk 1:08:57]} 14. Bd3 {[%clk 0:56:31]} Nc5 {[%clk 1:06:30]} 15. b4
{[%clk 0:45:58]} Nxd3+ {[%clk 1:05:27]} 16. cxd3 {[%clk 0:46:19]} a5
{[%clk 0:59:18]} 17. Kf2 {[%clk 0:34:32]} d5 {[%clk 0:52:54]} 18. exd5
{[%clk 0:28:43]} Bxd5 {[%clk 0:48:34]} 19. Nxd5 {[%clk 0:26:53]} Qxd5
{[%clk 0:48:54]} 20. Qxd5 {[%clk 0:25:26]} exd5 {[%clk 0:49:23]} 21. Bd4
{[%clk 0:17:31]} Kd7 {[%clk 0:47:35]} 22. Rgc1 {[%clk 0:10:22]} axb4
{[%clk 0:46:57]} 23. axb4 {[%clk 0:10:34]} Bxb4 {[%clk 0:46:53]} 24. Bxg7
{[%clk 0:09:47]} Rhb8 {[%clk 0:45:23]} 25. Be5 {[%clk 0:09:00]} Bd6
{[%clk 0:44:53]} 26. Ke3 {[%clk 0:05:48]} Bxe5 {[%clk 0:43:35]} 27. fxe5
{[%clk 0:06:02]} Rxa1 {[%clk 0:42:13]} 28. Rxa1 {[%clk 0:06:31]} b4
{[%clk 0:42:11]} 29. d4 {[%clk 0:05:40]} b3 {[%clk 0:40:14]} 30. Rb1
{[%clk 0:04:15]} b2 {[%clk 0:39:45]} 31. Kd2 {[%clk 0:03:26]} Ke6
{[%clk 0:36:52]} 32. Kc3 {[%clk 0:02:43]} Kf5 {[%clk 0:37:14]} 33. Rxb2
{[%clk 0:02:52]} Rxb2 34. Kxb2 {[%clk 0:03:20]} Kxg5 {[%clk 0:38:00]} 35. Kc3
{[%clk 0:02:54]} Kf4 {[%clk 0:37:11]} 36. h4 {[%clk 0:01:44]} h5 {[%clk 0:37:27]}
37. Kb4 {[%clk 0:02:06]} Ke3 {[%clk 0:37:47]} 38. Kc5 {[%clk 0:02:29]} Ke4
{[%clk 0:38:11]} 0-1

[Event "European Youth Chess Championship G14"]
[Site "Prague, Top Hotel Prague"]
[Date "2012.08.19"]
[Round "3.6"]
[White "Wozniak, Mariola"]
[Black "Dmochowska, Agnieszka"]
[Result "1/2-1/2"]
[WhiteElo "1966"]
[BlackElo "1770"]
[PlyCount "0"]
[EventDate "2012.08.17"]

1. e4 {[%clk 1:30:58]} c5 {[%clk 1:30:54]} 2. Nf3 {[%clk 1:31:24]} d6
{[%clk 1:31:15]} 3. d4 {[%clk 1:31:50]} cxd4 {[%clk 1:31:40]} 4. Nxd4
{[%clk 1:32:17]} Nf6 {[%clk 1:32:00]} 5. Nc3 {[%clk 1:32:43]} a6 {[%clk 1:32:09]}
6. Bg5 {[%clk 1:28:19]} e6 {[%clk 1:31:56]} 7. f4 {[%clk 1:22:13]} Qc7
{[%clk 1:31:39]} 8. Bxf6 {[%clk 1:11:06]} gxf6 {[%clk 1:32:01]} 9. Qh5
{[%clk 0:58:46]} Qc5 {[%clk 1:32:04]} 10. Qxc5 {[%clk 0:58:45]} dxc5
{[%clk 1:32:27]} 11. Nf3 {[%clk 0:56:45]} b6 {[%clk 1:26:43]} 12. Kf2
{[%clk 0:54:35]} Bb7 {[%clk 1:26:00]} 13. a4 {[%clk 0:53:04]} Nc6
{[%clk 1:25:15]} 14. Ke3 {[%clk 0:32:57]} Nb4 {[%clk 1:15:23]} 15. Rc1
{[%clk 0:24:42]} Bd6 {[%clk 1:07:27]} 16. Be2 {[%clk 0:22:28]} Ke7
{[%clk 1:06:40]} 17. Nb1 {[%clk 0:18:37]} c4 {[%clk 0:45:27]} 18. Bxc4
{[%clk 0:14:48]} Bc5+ {[%clk 0:45:43]} 19. Ke2 {[%clk 0:14:47]} Bxe4
{[%clk 0:45:54]} 20. c3 {[%clk 0:13:47]} Nd5 {[%clk 0:42:06]} 21. g3
{[%clk 0:12:55]} Ne3 {[%clk 0:31:04]} 22. Bd3 {[%clk 0:09:31]} Bxd3+
{[%clk 0:31:17]} 23. Kxd3 {[%clk 0:09:56]} Rhd8+ {[%clk 0:22:00]} 24. Ke2
{[%clk 0:10:15]} Nf5 {[%clk 0:20:12]} 25. g4 {[%clk 0:08:02]} Nh6
{[%clk 0:20:13]} 26. h3 {[%clk 0:08:08]} Bd6 {[%clk 0:20:04]} 27. Ke3
{[%clk 0:08:09]} Bc5+ {[%clk 0:17:54]} 28. Ke2 {[%clk 0:08:30]} Bd6
{[%clk 0:16:11]} 29. Ke3 {[%clk 0:05:15]} Bc5+ {[%clk 0:16:34]} 30. Ke2 1/2-1/2

[Event "European Youth Chess Championship G14"]
[Site "Prague, Top Hotel Prague"]
[Date "2012.08.19"]
[Round "3.7"]
[White "Menzi, Nezihe Ezgi"]
[Black "Beinenson, Katsiaryna"]
[Result "1/2-1/2"]
[WhiteElo "1876"]
[BlackElo "1946"]
[PlyCount "0"]
[EventDate "2012.08.17"]

1. e4 {[%clk 1:30:59]} c5 {[%clk 1:30:56]} 2. Nf3 {[%clk 1:31:26]} Nc6
{[%clk 1:31:23]} 3. Bb5 {[%clk 1:31:51]} g6 {[%clk 1:31:48]} 4. O-O
{[%clk 1:32:16]} Bg7 {[%clk 1:32:15]} 5. c3 {[%clk 1:32:42]} Nf6 {[%clk 1:31:03]}
6. Re1 {[%clk 1:33:07]} a6 {[%clk 1:28:35]} 7. Bf1 {[%clk 1:32:25]} d6
{[%clk 1:24:42]} 8. h3 {[%clk 1:30:48]} O-O {[%clk 1:23:37]} 9. d4
{[%clk 1:31:10]} cxd4 {[%clk 1:23:06]} 10. cxd4 {[%clk 1:31:33]} e5
{[%clk 1:17:32]} 11. d5 {[%clk 1:26:50]} Ne7 {[%clk 1:17:12]} 12. Nc3
{[%clk 1:26:13]} Ne8 {[%clk 1:09:28]} 13. Be3 {[%clk 1:16:11]} f5
{[%clk 1:03:57]} 14. Qb3 {[%clk 1:14:38]} b5 {[%clk 0:46:52]} 15. a4
{[%clk 1:10:22]} fxe4 {[%clk 0:39:04]} 16. Ng5 {[%clk 1:08:28]} Nf5
{[%clk 0:30:31]} 17. Ne6 {[%clk 1:02:28]} Bxe6 {[%clk 0:29:00]} 18. dxe6
{[%clk 1:02:51]} Kh8 {[%clk 0:28:32]} 19. axb5 {[%clk 1:00:49]} axb5
{[%clk 0:27:39]} 20. Bxb5 {[%clk 0:38:30]} Rxa1 {[%clk 0:19:24]} 21. Rxa1
{[%clk 0:38:54]} Nxe3 {[%clk 0:18:23]} 22. fxe3 {[%clk 0:39:18]} Nc7
{[%clk 0:17:38]} 23. Bd7 {[%clk 0:37:36]} Bh6 {[%clk 0:10:44]} 24. Nxe4
{[%clk 0:36:50]} d5 {[%clk 0:10:19]} 25. Nf2 {[%clk 0:27:55]} Qe7
{[%clk 0:08:49]} 26. Ng4 {[%clk 0:25:08]} Bg5 {[%clk 0:07:19]} 27. Qa3
{[%clk 0:20:59]} Ra8 {[%clk 0:05:05]} 28. Ba4 {[%clk 0:16:02]} Qxe6
{[%clk 0:04:37]} 29. Rc1 {[%clk 0:15:43]} Qb6 {[%clk 0:03:47]} 30. Qb3
{[%clk 0:14:58]} Qa7 {[%clk 0:03:04]} 31. Bc6 {[%clk 0:14:47]} Rb8
{[%clk 0:02:49]} 32. Qd3 {[%clk 0:11:01]} Rd8 {[%clk 0:01:30]} 33. Rf1
{[%clk 0:10:09]} Qc5 {[%clk 0:01:00]} 34. Nxe5 {[%clk 0:09:53]} Qxe3+
{[%clk 0:00:57]} 35. Qxe3 {[%clk 0:10:05]} Bxe3+ {[%clk 0:01:24]} 36. Kh1
{[%clk 0:10:26]} Kg8 {[%clk 0:01:45]} 37. Rf7 {[%clk 0:09:18]} Bd4
{[%clk 0:01:26]} 38. Rxc7 {[%clk 0:08:52]} Bxe5 {[%clk 0:01:52]} 39. Rd7
{[%clk 0:08:50]} Rxd7 {[%clk 0:02:02]} 40. Bxd7 {[%clk 0:39:18]} Bxb2
{[%clk 0:32:25]} 41. Be6+ {[%clk 0:39:45]} 1/2-1/2

[Event "European Youth Chess Championship G14"]
[Site "Prague, Top Hotel Prague"]
[Date "2012.08.19"]
[Round "3.8"]
[White "Egyed, Viktoria"]
[Black "Malatsilava, Volha"]
[Result "0-1"]
[WhiteElo "1748"]
[BlackElo "1926"]
[PlyCount "0"]
[EventDate "2012.08.17"]

1. e4 {[%clk 1:30:57]} e5 {[%clk 1:30:48]} 2. Nf3 {[%clk 1:31:15]} Nc6
{[%clk 1:31:11]} 3. Bc4 {[%clk 1:31:31]} Nf6 {[%clk 1:29:22]} 4. d3
{[%clk 1:31:43]} Be7 {[%clk 1:27:54]} 5. c3 {[%clk 1:30:59]} O-O {[%clk 1:27:04]}
6. Bb3 {[%clk 1:30:30]} d5 7. Nbd2 Bg4 {[%clk 1:24:08]} 8. h3 {[%clk 1:26:40]}
Bh5 {[%clk 1:23:43]} 9. Qe2 {[%clk 1:25:09]} Bg6 {[%clk 1:23:33]} 10. Bc2
{[%clk 1:23:23]} Re8 {[%clk 1:22:00]} 11. Nf1 {[%clk 1:18:27]} Nh5
{[%clk 1:17:24]} 12. g4 {[%clk 1:10:37]} Nf4 {[%clk 1:16:30]} 13. Bxf4
{[%clk 1:10:33]} exf4 {[%clk 1:16:55]} 14. O-O-O {[%clk 1:10:42]} Bd6
{[%clk 1:10:33]} 15. h4 {[%clk 1:02:10]} h5 {[%clk 1:10:22]} 16. N3d2
{[%clk 0:55:27]} f3 {[%clk 0:49:46]} 17. Qxf3 {[%clk 0:53:04]} dxe4
{[%clk 0:47:55]} 18. dxe4 {[%clk 0:49:25]} Ne5 {[%clk 0:48:13]} 19. Qg2
{[%clk 0:48:15]} Nxg4 {[%clk 0:48:08]} 20. f3 {[%clk 0:47:22]} Nf6
{[%clk 0:47:42]} 21. Bb3 {[%clk 0:44:22]} Kh7 {[%clk 0:44:07]} 22. Rg1
{[%clk 0:42:59]} Qe7 {[%clk 0:38:55]} 23. Ng3 {[%clk 0:30:29]} Bf4
{[%clk 0:35:00]} 24. Kb1 {[%clk 0:24:34]} Rad8 {[%clk 0:33:29]} 25. Nf5
{[%clk 0:17:53]} Qf8 {[%clk 0:33:17]} 26. Nd4 {[%clk 0:17:29]} Kh8
{[%clk 0:26:54]} 27. Rge1 {[%clk 0:12:40]} c5 {[%clk 0:23:02]} 28. Nc2
{[%clk 0:12:11]} b5 {[%clk 0:22:43]} 29. Ne3 {[%clk 0:09:58]} c4 {[%clk 0:17:45]}
30. Bc2 {[%clk 0:10:18]} Qc5 {[%clk 0:16:58]} 31. Qe2 {[%clk 0:07:58]} Qc7
{[%clk 0:12:48]} 32. Ng2 {[%clk 0:06:55]} Bg3 {[%clk 0:13:13]} 33. Rg1
{[%clk 0:06:15]} Bd6 {[%clk 0:09:57]} 34. Qf1 {[%clk 0:05:40]} Qb7
{[%clk 0:08:06]} 35. Kc1 {[%clk 0:04:25]} Bc5 {[%clk 0:04:37]} 36. Rh1
{[%clk 0:05:08]} Bd6 {[%clk 0:03:47]} 37. Rg1 {[%clk 0:05:01]} Re7
{[%clk 0:04:06]} 38. Qf2 {[%clk 0:03:17]} Rc7 {[%clk 0:03:25]} 39. Qe2
{[%clk 0:02:58]} Re7 {[%clk 0:03:08]} 40. Qf1 {[%clk 0:32:28]} Bc5
{[%clk 0:33:08]} 41. Rh1 {[%clk 0:32:41]} Qc7 {[%clk 0:32:49]} 42. Re1
{[%clk 0:31:20]} Rde8 {[%clk 0:30:58]} 43. a4 {[%clk 0:23:48]} a6
{[%clk 0:30:55]} 44. Ne3 {[%clk 0:22:29]} Qb6 {[%clk 0:30:10]} 45. Qe2
{[%clk 0:20:36]} Bd6 {[%clk 0:26:03]} 46. Rhg1 {[%clk 0:19:41]} Rd7
{[%clk 0:24:07]} 47. Ndf1 {[%clk 0:17:47]} Rb7 {[%clk 0:22:01]} 48. Qg2
{[%clk 0:16:26]} Bf4 {[%clk 0:19:31]} 49. Kb1 {[%clk 0:15:20]} Qc5
{[%clk 0:14:59]} 50. Nf5 {[%clk 0:14:39]} bxa4 {[%clk 0:13:08]} 51. Bxa4
{[%clk 0:14:07]} Reb8 {[%clk 0:13:05]} 52. Re2 {[%clk 0:13:34]} Qa5
{[%clk 0:12:13]} 53. Bd1 {[%clk 0:13:37]} Qxc3 {[%clk 0:12:20]} 54. Rc2
{[%clk 0:13:04]} Qd3 {[%clk 0:12:25]} 55. Ka1 {[%clk 0:12:57]} Qxd1+
{[%clk 0:12:27]} 56. Ka2 {[%clk 0:13:08]} Rb5 {[%clk 0:12:34]} 57. Rc3
{[%clk 0:12:00]} Ra5+ {[%clk 0:12:51]} 58. Ra3 {[%clk 0:12:18]} Rxa3+
{[%clk 0:13:12]} 59. bxa3 {[%clk 0:12:26]} Qb1# {[%clk 0:13:36]} 0-1

[Event "European Youth Chess Championship G14"]
[Site "Prague, Top Hotel Prague"]
[Date "2012.08.19"]
[Round "3.9"]
[White "Schnegg, Anna-Lena"]
[Black "Wu, Min"]
[Result "1-0"]
[WhiteElo "2088"]
[BlackElo "1831"]
[PlyCount "0"]
[EventDate "2012.08.17"]

1. d4 {[%clk 1:30:33]} d5 {[%clk 1:30:35]} 2. c4 {[%clk 1:30:53]} e6
{[%clk 1:30:04]} 3. Nc3 {[%clk 1:31:11]} Nf6 {[%clk 1:22:15]} 4. cxd5
{[%clk 1:29:28]} exd5 {[%clk 1:17:43]} 5. Bg5 {[%clk 1:29:26]} Be7
{[%clk 1:18:05]} 6. e3 {[%clk 1:28:54]} Nbd7 {[%clk 1:18:11]} 7. Bd3
{[%clk 1:27:38]} O-O {[%clk 1:17:17]} 8. Nf3 {[%clk 1:26:40]} c6 {[%clk 1:17:26]}
9. Qc2 {[%clk 1:24:48]} Re8 {[%clk 1:17:27]} 10. O-O {[%clk 1:25:04]} Nf8
{[%clk 1:17:38]} 11. h3 {[%clk 1:24:20]} Be6 {[%clk 1:17:10]} 12. Bxf6
{[%clk 1:22:18]} Bxf6 {[%clk 1:17:11]} 13. Rab1 {[%clk 1:17:59]} a5
{[%clk 1:12:39]} 14. a3 {[%clk 1:14:58]} Qe7 {[%clk 1:01:10]} 15. Rfe1
{[%clk 1:04:24]} Red8 {[%clk 0:55:37]} 16. Na4 {[%clk 0:54:12]} g6
{[%clk 0:45:59]} 17. b4 {[%clk 0:47:30]} axb4 {[%clk 0:46:10]} 18. axb4
{[%clk 0:47:39]} Rac8 {[%clk 0:37:26]} 19. Nb6 {[%clk 0:35:41]} Rc7
{[%clk 0:33:43]} 20. Qc5 {[%clk 0:30:04]} Nd7 {[%clk 0:30:39]} 21. Qa5
{[%clk 0:30:02]} Nxb6 {[%clk 0:29:39]} 22. Qxb6 {[%clk 0:30:23]} h5
{[%clk 0:22:58]} 23. Rec1 {[%clk 0:27:44]} Rdc8 {[%clk 0:22:54]} 24. Ra1
{[%clk 0:26:11]} g5 {[%clk 0:19:27]} 25. Nd2 {[%clk 0:23:43]} g4 {[%clk 0:18:21]}
26. hxg4 {[%clk 0:23:03]} Bxg4 {[%clk 0:15:51]} 27. Qc5 {[%clk 0:13:16]} Qd8
{[%clk 0:14:28]} 28. Qc2 {[%clk 0:10:21]} Qd7 {[%clk 0:11:01]} 29. Nf1
{[%clk 0:09:17]} h4 {[%clk 0:10:49]} 30. Nh2 {[%clk 0:08:06]} Be6
{[%clk 0:10:41]} 31. Qe2 {[%clk 0:07:54]} Bf5 {[%clk 0:10:09]} 32. Qf3
{[%clk 0:08:14]} Bxd3 {[%clk 0:10:04]} 33. Qxf6 {[%clk 0:08:34]} Qe7
{[%clk 0:05:29]} 34. Qh6 {[%clk 0:06:36]} Be4 {[%clk 0:02:19]} 35. Ng4
{[%clk 0:04:59]} f5 {[%clk 0:01:14]} 36. Ne5 {[%clk 0:04:23]} Qg7
{[%clk 0:01:10]} 37. Qxg7+ {[%clk 0:04:12]} Rxg7 {[%clk 0:01:22]} 38. f3
{[%clk 0:04:30]} Bxf3 {[%clk 0:01:32]} 39. Nxf3 {[%clk 0:04:51]} h3
{[%clk 0:01:45]} 40. Rc2 {[%clk 0:34:27]} 1-0